Les princesses Disney par images (click) - Statistiques

Statistiques générales
  • Ce quiz a été pris 510 fois
  • Le résultat moyen est 14 sur 15
Statistiques - réponses
Hint Réponse % Correct
Ariel
96%
Vaiana
95%
Blanche-Neige
95%
Jasmine
94%
Cendrillon
94%
Raiponce
93%
Elsa
92%
Tiana
91%
Pocahontas
91%
Anna
90%
Belle
90%
Raya
88%
Mulan
88%
Aurore
88%
Mérida
87%
Aucun quiz correspondant
Distribution des résultats
% des personnes avec chaque résultat
Percentile par nombre de réponses
Votre historique - résultats
Vous n’avez pas pris ce quiz